| 000 | 00362 a2200157 4500 | ||
|---|---|---|---|
| 001 | 68446 | ||
| 020 | _a9786556131320 | ||
| 040 | _cAnchieta - Pituba | ||
| 100 | _aPoliedro Sistema de Ensino | ||
| 240 | 1 | 0 |
_aENEM 6 _lpor |
| 245 | 1 | 0 | _aENEM 6 |
| 300 | _a1104 | ||
| 362 | 0 | _a2022 | |
| 650 | 4 | _a. Vestibulares / Exames de admissão em universidades | |
| 942 | _cBK | ||
| 999 |
_c68446 _d68446 |
||